00743nam a2200193 a 450000100100000000500170001000800410002704000250006804100130009310000280010624500880013424600180022224600340024026000820027430000360035670000350039295201050042799900170053200003859220201002031315.0130416s1993 dr ac 000 0 spa d aDO-SdBNPbspacBNPHU17aspabeng1 aBatista, Domingo95679210aTiempo de luz =btime of light /cDomingo Batista ; traducción Blanca de Batista.10atime of light aTexto en español e inglés aSantiago de los Caballeros, República Dominicana :bAmigo del Hogar,c1993. a198 p. :bil., retrs. ;c31 cm.1 aBatista, Blanca deetr.964931 0010718PDaPDbPDcCTd2013-04-16iLF1l0o p38592-10r2020-06-25w2020-06-25yLFPDZNo se presta c38082d38082